'W' Celebrity Images Quiz Stats

 Plays Quiz Updated Jan 25, 2019

Support Sporcle.
Go Orange.
Score 0/20 Timer 05:00
2 Plays Today
% Correct
Oprah Winfrey
96.8%
Venus and Serena Williams
95%
Denzel Washington
85.8%
Reese Witherspoon
84.6%
Betty White
84.2%
Stevie Wonder
82.8%
Amy Winehouse
82.1%
Emma Watson
79.6%
Mark Wahlberg
79.5%
John Wayne
75.3%
% Correct
Christopher Walken
73.4%
Elijah Wood
73.1%
Sigourney Weaver
65.2%
Bruce Willis
64.4%
Barbara Walters
61.9%
Andy Warhol
50.1%
Kristen Wiig
44.2%
Adam West
35.5%
Wil Wheaton
29%
Sam Waterston
27.4%

You're not logged in!

Compare scores with friends on all Sporcle quizzes.
OR
Log In
Forgot?

From the Vault

Color the Flag III

by GeoEarthling

Geography 90s
Luckily, we've done some of the coloring for you. Ran out of dye, though.
Remove Ads.
Support Sporcle.
Get the best of Sporcle when you Go Orange. This ad-free experience offers more features, more stats, and more fun while also helping to support Sporcle. Thank you for becoming a member.

Show Comments

Extras

Top Quizzes Today


Score Distribution

Your Account Isn't Verified!

In order to create a playlist on Sporcle, you need to verify the email address you used during registration. Go to your Sporcle Settings to finish the process.

Report this User

Report this user for behavior that violates our Community Guidelines.

Details: